000 00536nam a2200181Ia 4500
008 090124s9999 xx 000 0 und d
082 _b30679
_a1982
100 _aजावडेकर सुबोध
245 _a हसरं विज्ञान
250 _a1
260 _c2000
300 _a141
600 _aजावडेकर सुबोध
630 _a हसरं विज्ञान
700 _aजावडेकर सुबोध
730 _a हसरं विज्ञान
942 _cBOOK
999 _c144159
_d144159